Plan regional de la infancia y la adolescencia: X Región. Los Lagos.
Guardat en:
| Autor corporatiu: | |
|---|---|
| Format: | Llibre |
| Idioma: | espanyol |
| Publicat: |
Santiago, Chile
MIDEPLAN
1996
|
| Matèries: | |
| Etiquetes: |
Afegir etiqueta
Sense etiquetes, Sigues el primer a etiquetar aquest registre!
|
MARC
| LEADER | 00000nam a2200000 a 4500 | ||
|---|---|---|---|
| 001 | UCT1264 | ||
| 003 | CL-VaPUC | ||
| 005 | 20240930160402.0 | ||
| 008 | 960927e19960000CL |||||||||||||||||spa|d | ||
| 999 | |c 251834 |d 251832 | ||
| 040 | |c Pontificia Universidad Católica de Valparaíso | ||
| 082 | 0 | 4 | |a 338.983 MID 1996 |2 21 |
| 110 | 2 | |a MIDEPLAN |9 370059 | |
| 245 | 1 | 0 | |a Plan regional de la infancia y la adolescencia: X Región. Los Lagos. |
| 260 | 0 | 3 | |a Santiago, Chile |b MIDEPLAN |c 1996 |
| 300 | |a 146 páginas | ||
| 583 | |a last modification |c 20180327 12:18:08 |k Rodrigo Vera | ||
| 650 | 0 | |a Planificación regional |9 257050 | |
| 650 | 7 | |a SALUD DE LA FAMILIA |2 CL-VaPUC |9 334187 | |
| 650 | 7 | |a INFANCIA |2 CL-VaPUC |9 370060 | |
| 650 | 0 | |a Adolescencia |9 307361 | |
| 650 | 0 | |a Nutrición |9 259434 | |
| 650 | 0 | |a Alcoholismo |9 259651 | |
| 650 | 0 | |a Drogadicción |9 331967 | |
| 650 | 7 | |a MALTRATO INTRAFAMILIAR |2 CL-VaPUC |9 365359 | |
| 650 | 0 | |a Maltrato infantil |9 324690 | |
| 650 | 0 | |a Abuso sexual |9 475641 | |
| 650 | 7 | |a MINUSVALIDOS |2 CL-VaPUC |9 310184 | |
| 650 | 0 | |a Problemas sociales |9 258537 | |
| 650 | 7 | |a HIGIENE |2 CL-VaPUC |9 370062 | |
| 650 | 0 | |a Educación básica |9 224933 | |
| 650 | 0 | |a Abandono del hogar |9 309234 | |
| 651 | 7 | |a CHILE |2 CL-VaPUC |9 370063 | |
| 942 | |c BK |2 ddc | ||
| 945 | |d 19960927 00:00:00 |a nastorga | ||
| 952 | |0 0 |1 0 |2 ddc |4 0 |6 338_983000000000000_MID_1996 |7 0 |8 A |9 271289 |a BIBGIM |b BIBGIM |d 2019-11-19 |i 3233006 |o 338.983 MID 1996 |p 3233006 |r 2025-01-15 |t 2 |w 2019-11-19 |y BK |k SSL | ||
| 952 | |0 0 |1 0 |2 ddc |4 0 |6 338_983000000000000_MID_1996 |7 0 |8 P |9 271290 |a BIBEDU |b BIBEDU |c BIBEDU_PB |d 2019-11-19 |i 3233022 |o 338.983 MID 1996 |p 3233022 |r 2024-01-25 |t 1 |w 2019-11-19 |y BK |k EDU | ||